| 000 | 00781nam a2200241 a 4500 | ||
|---|---|---|---|
| 999 |
_c11062 _d11062 |
||
| 001 | 11062 | ||
| 003 | BD-JhCC | ||
| 005 | 20200323134008.0 | ||
| 008 | 190628b20182019bg a|||| ||a| 001 0 ben d | ||
| 020 | _a9789849318880 | ||
| 035 | _a(BD-JhCC)11062 | ||
| 040 |
_aBD-JhCC _dBD-JhCC |
||
| 041 | _aben | ||
| 082 |
_a523.1 _bHAW 2019 |
||
| 100 | _aহকিং, স্টিফেন | ||
| 245 |
_aদ্য থিওরি অব এভরিথিং / _cঅনুবাদকঃ আবুল বাসার |
||
| 260 |
_aঢাকাঃ _bপ্রথমা প্রকাশন; _c২০১৯. |
||
| 300 |
_a১৫০ পৃঃ . : _bill; _c২২ সেমি. |
||
| 650 | _aCosmology | ||
| 700 | _aবাসার, আবুল | ||
| 942 |
_2ddc _cBK _05 |
||